The Gahadavala Dynasty (Record no. 1358079)

MARC details
000 -LEADER
fixed length control field 00628nam a2200253Ia 4500
008 - FIXED-LENGTH DATA ELEMENTS--GENERAL INFORMATION
fixed length control field 160321s9999||||xx |||||||||||||| ||und||
040 ## - CATALOGING SOURCE
Transcribing agency English
082 ## - DEWEY DECIMAL CLASSIFICATION NUMBER
Classification number XI.A/Niyogi
082 ## - DEWEY DECIMAL CLASSIFICATION NUMBER
Item number BORI-16916
100 ## - MAIN ENTRY--PERSONAL NAME
Personal name R. C. Majumdar
245 #4 - TITLE STATEMENT
Title The Gahadavala Dynasty
300 ## - PHYSICAL DESCRIPTION
Extent Xvi+283
300 ## - PHYSICAL DESCRIPTION
Dimensions B
300 ## - PHYSICAL DESCRIPTION
Accompanying material Hardbound
530 ## - ADDITIONAL PHYSICAL FORM AVAILABLE NOTE
Uniform Resource Identifier <a href="00017180.pdf">00017180.pdf</a>
563 ## - BINDING INFORMATION
Binding note Study
600 ## - SUBJECT ADDED ENTRY--PERSONAL NAME
Personal name R. C. Majumdar
630 ## - SUBJECT ADDED ENTRY--UNIFORM TITLE
Uniform title The Gahadavala Dynasty
650 ## - SUBJECT ADDED ENTRY--TOPICAL TERM
Topical term or geographic name as entry element "Politics,History and Historiography"
650 ## - SUBJECT ADDED ENTRY--TOPICAL TERM
Topical term or geographic name as entry element General Indology
700 ## - ADDED ENTRY--PERSONAL NAME
Personal name R. C. Majumdar
730 ## - ADDED ENTRY--UNIFORM TITLE
Uniform title The Gahadavala Dynasty
942 ## - ADDED ENTRY ELEMENTS (KOHA)
Koha item type Book
Holdings
Withdrawn status Lost status Damaged status Not for loan Home library Current library Date acquired Total Checkouts Full call number Barcode Date last seen Price effective from Koha item type
        Bhandarkar Oriental Research Institute, Pune Bhandarkar Oriental Research Institute, Pune 07/22/1960   BORI-16916 BORI-16916 03/21/2016 03/21/2016 Book